Normal view
MARC view
- Fernández del Castillo, Pedro
Entry Nombre Personal
001 - NUMERO DE CONTROL
- campo de control: 51627
003 - IDENTIFICADOR DE NUMERO DE CONTROL
- campo de control: DLC
005 - FECHA Y HORA DE LA ÜLTIMA TRANSACCIÓN
- campo de control: 20240418151909.0
008 - DATOS DE LONGITUD FIJA
- campo de control de longitud fija: 970804n| acannaabn || aaa c
010 ## - NÚMERO DE CONTROL DE LA BIBLIOTECA DEL CONGRESO
- Número de control LC: no 97045634
035 ## - NUMERO DE CONTROL
- Número de control: (OCoLC)oca04399425
040 ## - FUENTE DE CATALOGACIÓN
- Agencia original de catalogación: RPB
- Lenguaje de catalogación: spa
- Agencia de transcripción: RPB
- Agencia que lo modifica: OCoLC
- Agencia que lo modifica: MX-MxUPN
100 1# - ENCABEZAMIENTO - NOMBRE PERSONAL
- Nombre personal: Fernández del Castillo, Pedro
670 ## - FUENTE EN LA QUE SE LOCALIZARON DATOS
- Cita de la fuente: Se autoriza al gobierno para que pueda contratar ..., 1845:
- Información localizada: portada (Fernández del Castillo) reverso de la portada (Pedro Fernández del Castillo)
670 ## - FUENTE EN LA QUE SE LOCALIZARON DATOS
- Cita de la fuente: Fisiografía : descripción general de la naturaleza para servir de introducción a las ciencias geográficas, 1853:
- Información localizada: portada (traducción de Pedro Fernández del Castillo)
902 ## - CATALOGADOR
- Catalogador: Víctor Ruiz/180424
